00678nam a2200181 i 450000100060000000300090000600500170001500700030003200800410003510000410007624501050011726000340022230000360025670000330029285200320032599900170035795201220037442394ES-MaACL20230906160613.0t|030313s1971 sp ||||1| spa d1 aCastresana Montero, Julián.93680710aTiempos modernos de la historia de España... / cJulián Castresana Montero, Gonzalo Novo Romero. aLa Coruña : bRoel, c1971. aXIII, 154 p. : bil. ; c25 cm.1 aNovo Romero, Gonzalo.986090 aES-MaACLjC-41283 bR.77268 c42394d42394 00104070aATENEOMbATENEOMcDEPO2d2008-01-17eSCl0oC-41283p1044611r2023-02-23 00:00:00w2023-02-23yMONOGRAFIA